000 00894nam0a22002411 4500
001 rc\4474147
005 20130416165559.3
035 _a(NLR Aleph) 008331318
090 _a8818955
_c8818955
100 _a20130416d1965 |||y0rusy50 ca
101 0 _arus
102 _aRU
105 _ay z |||||
200 1 _aКрейсерские графики наивыгоднейших режимов полета самолетов ИЛ-14
_fГос. науч.-исслед. ин-т гражд. авиации. Отд. науч.-техн. информации
210 _aМосква
_cБ. и.
_d1965
215 _a10 с.
_cграф.
_d20
300 _aНа обороте тит. л. сост.: инж. В.С. Самардуков
702 1 _aСамардуков
_bВ. С.
_4220
801 0 _aRU
_bNLR
_gpsbo
801 1 _aRU
_bELAR
_2rusmarc
852 _aNLR
_j85-4/12646
942 _cBOOK
980 _aNB